000 00741nam a2200205 a 4500
001 000041823
005 20201002035756.0
008 100219s2002 dr 000 0 spa d
040 _aDO-SdBNP
_bspa
_cBNPHU
082 _a342.729302
_bR426cons, 2002
110 1 _aRepública Dominicana.
_9447
240 1 0 _aConstitución (2002)
245 1 0 _aConstitución de la República Dominicana :
_bproclamada el 25 de julio del 2002.
260 _aSanto Domingo :
_bImpresora del Nordeste,
_c2002.
300 _a75p. ;
_c21 cm.
590 _aInventariado, 2018/ YL
651 4 _aRepública Dominicana
_xConstitución (2002{Rpara}
_910514
651 4 _aRepública Dominicana
_xDerecho Constitucional
_99303
910 _aValidado. Control de calidad MFF
999 _c41312
_d41312